Movies Quiz

Random Movies or Actor Quiz

Brad Pitt Needs A Job Quiz Stats

 Plays Quiz Updated Jan 20, 2019

Support Sporcle.
Go Orange.
Score 0/30 Timer 06:00
0 Plays Today
% Correct
Casino Robber
83.7%
Greek Soldier
82.4%
Baseball General Manager
79.8%
Special Force Service Lieutenant
72.8%
Assassin
71.1%
Hitch-hiking Thief
66.4%
Angel of Death
63.2%
Superhero
61.1%
Soap Maker
61%
High School Student
60.7%
Sailor
56.4%
Detective
55.9%
Personal Trainer
54.2%
Boxer
52.6%
C.I.A. Agent
51.4%
% Correct
Train Robber
49.9%
Detective
48.6%
Eco-Terrorist
42.9%
Mountaineer
41%
Serial Killer
36.7%
Plantation Owner
35.7%
Tugboat Deckhand
32.8%
I.R.A. Gunman
31.8%
Bootlegger
27.6%
Attorney
27.2%
Mafia Errand Boy
26.4%
Musician
21.8%
Journalist
17.9%
Engineer
16.1%
Artist
12.4%

You're not logged in!

Compare scores with friends on all Sporcle quizzes.
OR
Log In
Forgot?

From the Vault

Picture the Song V

by PenguinsMeercats

Music 10m
You can picture songs, but if you start hearing pictures, you might have a problem.
Remove Ads.
Support Sporcle.
Get the best of Sporcle when you Go Orange. This ad-free experience offers more features, more stats, and more fun while also helping to support Sporcle. Thank you for becoming a member.

Show Comments

Extras

Top Quizzes Today


Score Distribution

Your Account Isn't Verified!

In order to create a playlist on Sporcle, you need to verify the email address you used during registration. Go to your Sporcle Settings to finish the process.

Report this User

Report this user for behavior that violates our Community Guidelines.

Details: